| 000 | 00762caa a22002417a 4500 | ||
|---|---|---|---|
| 999 |
_c410675 _d410675 |
||
| 001 | 123544 | ||
| 003 | UA-OsUOA | ||
| 005 | 20191217191426.0 | ||
| 007 | ta | ||
| 008 | 20170622b un ||||| |||| 00| 0 ukr d | ||
| 040 |
_aUA-OsUOA _bukr _cUA-OsUOA _dUA-OsUOA |
||
| 041 | _aukr | ||
| 080 | _a908 | ||
| 090 |
_a908 _bР83 |
||
| 100 | _aРуй О. | ||
| 245 |
_aЛев Гомолицький і Острог _cО. Руй |
||
| 300 | _aС. 220–221 | ||
| 650 | 7 |
_a908 Краєзнавство _2UDC |
|
| 773 | 0 |
_0399319 _9416567 _dОстрог НаУОА 2015 _o148882 _tОстрозький краєзнавчий збірник _w(UA-OsUOA) 113462 |
|
| 942 |
_cBKA _2udc |
||
| 955 | _a1 | ||